000 00401nam a2200193Ia 4500
001 12712
003 GE_BSU
008 181216s||||||||xx |||||||||||||| ||und||
040 _cGE_BSU
080 _a821.111-312.4
100 _aPatterson,james
245 _aBeach road
260 _aGreat Britain
260 _bBCA
260 _c2006
300 _a308p.20cm.
653 _aBeach road
942 _cBK
999 _c45883
_d45883